| 000 | 00810cam a22002655a 4500 | ||
|---|---|---|---|
| 001 | 15050971 | ||
| 005 | 20201128024137.0 | ||
| 008 | 071019t2015 enka frb 001 0 eng d | ||
| 020 | _a9781292060545 | ||
| 040 |
_aDLC _beng _cDLC _dEG-ScBUE |
||
| 082 | 0 | 4 |
_a621.3192 _222 _bNIL |
| 100 | 1 |
_aNilsson, James William. _91212 |
|
| 245 | 1 | 0 |
_aElectric circuits / _cJames W. Nilsson, Susan A. Riedel. |
| 250 | _a10th ed., Global ed. | ||
| 260 |
_aHarlow : _bPearson Education Limited, _cc.2015. |
||
| 300 |
_a814 p. : _bill. (col) ; _c27 cm. |
||
| 500 | _aIndex : p. 797-814. | ||
| 590 | _adoaa mohamed | ||
| 650 | 7 |
_aElectric circuits. _91213 _2BUEsh |
|
| 651 | _2BUEsh | ||
| 653 |
_bENGELC _cApril2017 |
||
| 655 |
_vText book _933728 |
||
| 700 | 1 |
_aRiedel, Susan A., _919762 |
|
| 942 |
_2ddc _cBB _k621.3192 NIL |
||
| 999 |
_c24670 _d24642 |
||